[Event "wgm"]
[Site "?"]
[Date "2015.09.24"]
[Round "6.2"]
[White "Kashlinskaya, Alina"]
[Black "Mkrtchian, Lilit"]
[Result "1-0"]
[BlackElo "2440"]
[WhiteElo "2424"]
[LiveChessVersion "1.4.4"]

1. d4 {[%clk 1:30:57]} Nf6 {[%clk 1:30:35]} 2. c4 {[%clk 1:31:22]} e6
{[%clk 1:31:00]} 3. Nc3 {[%clk 1:31:47]} Bb4 {[%clk 1:31:23]} 4. e3
{[%clk 1:32:14]} O-O {[%clk 1:31:05]} 5. Bd3 {[%clk 1:32:41]} d5 {[%clk 1:30:43]}
6. Nf3 {[%clk 1:33:04]} b6 {[%clk 1:28:03]} 7. O-O {[%clk 1:32:52]} Bb7
{[%clk 1:28:10]} 8. cxd5 {[%clk 1:31:56]} exd5 {[%clk 1:28:21]} 9. a3
{[%clk 1:32:19]} Bd6 {[%clk 1:28:38]} 10. b4 {[%clk 1:32:32]} a6 {[%clk 1:27:57]}
11. Ne5 {[%clk 1:32:23]} Nbd7 {[%clk 1:14:34]} 12. f4 {[%clk 1:32:28]} Ne4
{[%clk 1:14:05]} 13. Nxe4 {[%clk 1:16:04]} dxe4 {[%clk 1:14:26]} 14. Nxd7
{[%clk 1:13:44]} Qxd7 {[%clk 1:14:04]} 15. Bc4 {[%clk 1:14:08]} b5
{[%clk 0:58:57]} 16. Bb3 {[%clk 1:12:39]} a5 {[%clk 0:58:43]} 17. Bd2
{[%clk 1:01:45]} axb4 {[%clk 0:44:41]} 18. Bxb4 {[%clk 1:01:49]} Ra6
{[%clk 0:30:26]} 19. Qh5 {[%clk 0:48:14]} Qe7 {[%clk 0:25:28]} 20. Rab1
{[%clk 0:36:15]} Bc8 {[%clk 0:19:04]} 21. Qxb5 {[%clk 0:31:34]} Rb6
{[%clk 0:18:12]} 22. Qe5 {[%clk 0:29:04]} Re8 {[%clk 0:11:18]} 23. Bxd6
{[%clk 0:27:26]} Rxd6 {[%clk 0:11:40]} 24. Qxe7 {[%clk 0:22:44]} Rxe7
{[%clk 0:12:05]} 25. Ba4 {[%clk 0:23:02]} Rb6 {[%clk 0:10:36]} 26. Rxb6
{[%clk 0:22:08]} cxb6 {[%clk 0:11:01]} 27. Rc1 {[%clk 0:21:54]} Bf5
{[%clk 0:11:25]} 28. Bb5 {[%clk 0:19:28]} Kf8 {[%clk 0:11:34]} 29. a4
{[%clk 0:16:48]} Rb7 {[%clk 0:10:09]} 30. Rc6 {[%clk 0:14:04]} Be6
{[%clk 0:09:11]} 31. Ba6 {[%clk 0:13:28]} Rb8 {[%clk 0:09:17]} 32. Rc7
{[%clk 0:13:48]} Ke8 {[%clk 0:04:01]} 33. Ra7 {[%clk 0:11:53]} Bd7
{[%clk 0:03:53]} 34. Bc4 {[%clk 0:11:27]} Rc8 {[%clk 0:01:19]} 35. Bxf7+
{[%clk 0:10:07]} Kd8 {[%clk 0:01:43]} 36. d5 {[%clk 0:06:19]} Rc1+
{[%clk 0:01:09]} 37. Kf2 {[%clk 0:06:49]} Rc2+ {[%clk 0:00:53]} 38. Kg3
{[%clk 0:07:13]} Rc3 {[%clk 0:00:36]} 39. Be6 {[%clk 0:06:29]} Bxe6
{[%clk 0:00:41]} 40. dxe6 {[%clk 0:36:58]} Rxe3+ {[%clk 0:31:01]} 41. Kf2
{[%clk 0:37:05]} Ra3 {[%clk 0:31:19]} 42. Rxg7 {[%clk 0:36:37]} Rxa4
{[%clk 0:31:47]} 43. f5 {[%clk 0:36:50]} Ra5 {[%clk 0:32:06]} 44. g4
{[%clk 0:37:03]} Ra3 {[%clk 0:32:22]} 45. Ke2 {[%clk 0:36:15]} Rh3
{[%clk 0:30:34]} 46. f6 {[%clk 0:36:19]} 1-0

[Event "wgm"]
[Site "?"]
[Date "2015.09.24"]
[Round "6.3"]
[White "Foisor, Cristina-adela"]
[Black "Gaponenko, Inna"]
[Result "0-1"]
[BlackElo "2402"]
[WhiteElo "2361"]
[LiveChessVersion "1.4.4"]

1. Nf3 {[%clk 1:30:51]} Nf6 {[%clk 1:30:51]} 2. g3 {[%clk 1:31:01]} c5
{[%clk 1:31:14]} 3. c4 {[%clk 1:31:12]} g6 {[%clk 1:31:35]} 4. Bg2
{[%clk 1:31:23]} Bg7 {[%clk 1:31:44]} 5. O-O {[%clk 1:31:26]} O-O
{[%clk 1:31:02]} 6. Nc3 {[%clk 1:31:23]} d5 {[%clk 1:29:51]} 7. cxd5
{[%clk 1:26:57]} Nxd5 {[%clk 1:30:09]} 8. Qb3 {[%clk 1:26:19]} Nb6
{[%clk 1:20:42]} 9. d3 {[%clk 1:24:52]} Nc6 {[%clk 1:15:56]} 10. Be3
{[%clk 1:19:14]} Nd4 {[%clk 1:02:15]} 11. Bxd4 {[%clk 1:17:05]} cxd4
{[%clk 1:02:30]} 12. Ne4 {[%clk 1:17:19]} Be6 {[%clk 0:59:53]} 13. Qa3
{[%clk 1:16:31]} Bd5 {[%clk 0:57:27]} 14. Rac1 {[%clk 1:11:51]} f5
{[%clk 0:50:09]} 15. Nc5 {[%clk 1:09:49]} e5 {[%clk 0:50:32]} 16. Nh4
{[%clk 0:58:14]} Rf7 {[%clk 0:40:39]} 17. Bxd5 {[%clk 0:55:11]} Qxd5
{[%clk 0:41:05]} 18. Qb3 {[%clk 0:54:37]} Bh6 {[%clk 0:34:02]} 19. Qxd5
{[%clk 0:47:16]} Nxd5 {[%clk 0:34:18]} 20. Rb1 {[%clk 0:47:27]} a5
{[%clk 0:24:52]} 21. a4 {[%clk 0:40:49]} b5 {[%clk 0:10:16]} 22. axb5
{[%clk 0:38:26]} Rb8 {[%clk 0:10:43]} 23. Nf3 {[%clk 0:34:19]} Rxb5
{[%clk 0:10:12]} 24. Na4 {[%clk 0:34:43]} Re7 {[%clk 0:08:49]} 25. h4
{[%clk 0:34:04]} Rb4 {[%clk 0:05:29]} 26. Ra1 {[%clk 0:33:16]} e4
{[%clk 0:05:29]} 27. Ng5 {[%clk 0:32:37]} Bxg5 {[%clk 0:03:16]} 28. hxg5
{[%clk 0:33:02]} Rc7 {[%clk 0:03:16]} 29. Rfb1 {[%clk 0:29:29]} Rc2
{[%clk 0:03:06]} 30. Kf1 {[%clk 0:29:46]} h6 {[%clk 0:01:45]} 31. gxh6
{[%clk 0:28:53]} Kh7 {[%clk 0:02:15]} 32. dxe4 {[%clk 0:22:23]} fxe4
{[%clk 0:02:43]} 33. Rd1 {[%clk 0:22:44]} Kxh6 {[%clk 0:01:55]} 34. Ra3
{[%clk 0:22:01]} e3 {[%clk 0:01:15]} 35. f3 {[%clk 0:16:50]} Ne7 {[%clk 0:01:07]}
36. Re1 {[%clk 0:15:55]} Nf5 {[%clk 0:00:46]} 37. Kg2 {[%clk 0:15:38]} d3
{[%clk 0:00:44]} 38. Rxd3 {[%clk 0:16:03]} Rxa4 {[%clk 0:01:11]} 39. g4
{[%clk 0:16:25]} Nd4 {[%clk 0:01:12]} 40. Rxe3 {[%clk 0:46:48]} Rxb2
{[%clk 0:31:30]} 41. Re4 {[%clk 0:41:09]} Rab4 {[%clk 0:28:23]} 42. Kf2
{[%clk 0:39:17]} a4 {[%clk 0:17:52]} 43. Rd1 {[%clk 0:31:34]} Rxe2+
{[%clk 0:14:06]} 44. Rxe2 {[%clk 0:32:00]} Nxe2 {[%clk 0:14:33]} 45. Kxe2
{[%clk 0:32:25]} a3 {[%clk 0:14:59]} 46. Ra1 {[%clk 0:32:38]} Ra4
{[%clk 0:15:25]} 47. f4 {[%clk 0:32:00]} a2 {[%clk 0:15:40]} 48. Kd3
{[%clk 0:30:43]} Kg7 {[%clk 0:16:02]} 49. Kc3 {[%clk 0:27:44]} Kf6
{[%clk 0:15:09]} 50. Kb3 {[%clk 0:27:51]} Rxf4 {[%clk 0:15:31]} 51. Rxa2
{[%clk 0:28:15]} Kg5 {[%clk 0:13:03]} 52. Kc3 {[%clk 0:25:48]} Rf3+
{[%clk 0:13:19]} 53. Kd4 {[%clk 0:25:33]} Kxg4 {[%clk 0:13:44]} 54. Ke4
{[%clk 0:25:34]} g5 {[%clk 0:13:31]} 55. Ra1 {[%clk 0:24:15]} Rg3
{[%clk 0:13:48]} 56. Rh1 {[%clk 0:20:57]} Rg2 {[%clk 0:13:54]} 57. Ke5
{[%clk 0:19:56]} Kg3 {[%clk 0:13:26]} 58. Kf5 {[%clk 0:20:08]} g4
{[%clk 0:13:48]} 59. Kg5 {[%clk 0:14:20]} Ra2 {[%clk 0:12:48]} 60. Rg1+
{[%clk 0:14:44]} Kh3 {[%clk 0:13:12]} 61. Kf4 {[%clk 0:10:58]} Ra4+
{[%clk 0:10:41]} 62. Ke3 {[%clk 0:11:22]} Kh2 {[%clk 0:11:00]} 63. Rb1
{[%clk 0:11:19]} g3 {[%clk 0:09:17]} 64. Rb8 {[%clk 0:11:40]} Ra3+
{[%clk 0:09:23]} 0-1

[Event "wgm"]
[Site "?"]
[Date "2015.09.24"]
[Round "6.5"]
[White "Majdan-gajewska, Joanna"]
[Black "Girya, Olga"]
[Result "1/2-1/2"]
[BlackElo "2483"]
[WhiteElo "2391"]
[LiveChessVersion "1.4.4"]

1. e4 {[%clk 1:30:57]} e5 {[%clk 1:30:55]} 2. Nf3 {[%clk 1:31:15]} Nc6
{[%clk 1:31:20]} 3. Bb5 {[%clk 1:31:26]} a6 {[%clk 1:31:39]} 4. Ba4
{[%clk 1:31:51]} Nf6 {[%clk 1:31:59]} 5. O-O {[%clk 1:32:09]} Be7
{[%clk 1:32:24]} 6. Re1 {[%clk 1:32:10]} b5 {[%clk 1:32:40]} 7. Bb3
{[%clk 1:32:33]} d6 {[%clk 1:32:54]} 8. c3 {[%clk 1:32:08]} O-O {[%clk 1:33:08]}
9. h3 {[%clk 1:32:19]} Na5 {[%clk 1:32:53]} 10. Bc2 {[%clk 1:32:43]} c5
{[%clk 1:33:10]} 11. d3 {[%clk 1:28:54]} Re8 {[%clk 1:18:32]} 12. Nbd2
{[%clk 1:29:02]} Bf8 {[%clk 1:18:06]} 13. Nf1 {[%clk 1:26:27]} g6
{[%clk 1:11:17]} 14. d4 {[%clk 1:19:51]} Bb7 {[%clk 1:04:56]} 15. dxe5
{[%clk 1:11:49]} dxe5 {[%clk 1:05:18]} 16. Bg5 {[%clk 1:12:08]} Bg7
{[%clk 1:04:40]} 17. Qc1 {[%clk 1:12:13]} Nc4 {[%clk 0:59:34]} 18. N1h2
{[%clk 1:09:54]} Qd6 {[%clk 0:55:22]} 19. Ng4 {[%clk 0:56:50]} Nxg4
{[%clk 0:50:52]} 20. hxg4 {[%clk 0:57:10]} Qe6 {[%clk 0:48:01]} 21. Nh2
{[%clk 0:56:35]} f6 {[%clk 0:46:27]} 22. Bh4 {[%clk 0:56:56]} Nd6
{[%clk 0:46:02]} 23. f3 {[%clk 0:53:25]} Nf7 {[%clk 0:43:45]} 24. Qe3
{[%clk 0:50:22]} Qe7 {[%clk 0:40:45]} 25. Bf2 {[%clk 0:47:27]} Rac8
{[%clk 0:36:48]} 26. a4 {[%clk 0:47:45]} Bh6 {[%clk 0:35:28]} 27. Qe2
{[%clk 0:47:08]} c4 {[%clk 0:33:04]} 28. axb5 {[%clk 0:44:41]} axb5
{[%clk 0:33:33]} 29. Ra5 {[%clk 0:45:04]} Bc6 {[%clk 0:33:23]} 30. b3
{[%clk 0:41:46]} Qe6 {[%clk 0:29:55]} 31. b4 {[%clk 0:40:52]} Ra8
{[%clk 0:29:55]} 32. Ba7 {[%clk 0:40:16]} Re7 33. Bc5 {[%clk 0:38:57]} Ree8
{[%clk 0:16:45]} 34. Ba7 {[%clk 0:37:46]} Re7 {[%clk 0:16:20]} 35. Bc5
{[%clk 0:38:11]} Ree8 {[%clk 0:16:48]} 36. Ba7 Qd7 37. Rd1 Qe6 38. Re1 1/2-1/2

[Event "wgm"]
[Site "?"]
[Date "2015.09.22"]
[Round "7.1"]
[White "Zawadzka, Jolanta"]
[Black "Majdan-gajewska, Joanna"]
[Result "1-0"]
[BlackElo "2391"]
[WhiteElo "2430"]
[LiveChessVersion "1.4.4"]

1. e4 {[%clk 1:30:59]} c5 {[%clk 1:31:00]} 2. Nf3 {[%clk 1:31:08]} d6
{[%clk 1:31:25]} 3. d4 {[%clk 1:31:32]} cxd4 {[%clk 1:31:51]} 4. Nxd4
{[%clk 1:31:57]} Nf6 {[%clk 1:32:17]} 5. Nc3 {[%clk 1:32:21]} a6 {[%clk 1:32:44]}
6. h3 {[%clk 1:32:43]} e5 {[%clk 1:32:32]} 7. Nde2 {[%clk 1:32:36]} h5
{[%clk 1:32:54]} 8. g3 {[%clk 1:32:57]} Be6 {[%clk 1:32:27]} 9. Bg2
{[%clk 1:33:01]} Be7 {[%clk 1:31:32]} 10. a4 {[%clk 1:30:01]} Nbd7
{[%clk 1:31:54]} 11. Bg5 {[%clk 1:22:27]} Rc8 {[%clk 1:24:59]} 12. O-O
{[%clk 1:17:12]} Qc7 {[%clk 1:14:03]} 13. Qd2 {[%clk 1:09:08]} O-O
{[%clk 1:12:20]} 14. a5 {[%clk 1:02:35]} Rfd8 {[%clk 1:08:15]} 15. Rfd1
{[%clk 0:59:55]} Bc4 {[%clk 1:00:37]} 16. Bf3 {[%clk 0:56:09]} g6
{[%clk 1:01:00]} 17. Kg2 {[%clk 0:49:28]} b5 {[%clk 1:00:24]} 18. axb6
{[%clk 0:49:42]} Nxb6 {[%clk 1:00:03]} 19. Bxf6 {[%clk 0:42:49]} Bxf6
{[%clk 1:00:27]} 20. Qe3 {[%clk 0:42:31]} Bg7 {[%clk 0:44:50]} 21. b3
{[%clk 0:42:04]} Bxe2 {[%clk 0:43:10]} 22. Nxe2 {[%clk 0:42:22]} d5
{[%clk 0:41:17]} 23. Rxa6 {[%clk 0:35:49]} d4 {[%clk 0:41:44]} 24. Qd2
{[%clk 0:33:46]} Nd7 {[%clk 0:41:24]} 25. Ra2 {[%clk 0:31:33]} f5
{[%clk 0:34:23]} 26. exf5 {[%clk 0:22:08]} gxf5 {[%clk 0:21:45]} 27. Qg5
{[%clk 0:22:06]} e4 {[%clk 0:20:35]} 28. Bxh5 {[%clk 0:22:01]} Nf6
{[%clk 0:18:24]} 29. Nxd4 {[%clk 0:15:48]} 1-0

[Event "wgm"]
[Site "?"]
[Date "2015.09.22"]
[Round "7.2"]
[White "Mkrtchian, Lilit"]
[Black "Szczepkowska-horowska, Karina"]
[Result "1/2-1/2"]
[BlackElo "2395"]
[WhiteElo "2440"]
[LiveChessVersion "1.4.4"]

1. c4 {[%clk 1:30:52]} e5 {[%clk 1:30:37]} 2. Nc3 {[%clk 1:30:51]} Nf6
{[%clk 1:30:35]} 3. Nf3 {[%clk 1:31:12]} Nc6 {[%clk 1:29:56]} 4. g3
{[%clk 1:31:24]} Bb4 {[%clk 1:29:32]} 5. Bg2 {[%clk 1:31:32]} O-O
{[%clk 1:28:42]} 6. O-O {[%clk 1:31:32]} Re8 {[%clk 1:27:36]} 7. Nd5
{[%clk 1:28:02]} e4 {[%clk 1:26:07]} 8. Ne1 {[%clk 1:27:10]} h6 {[%clk 1:16:42]}
9. d3 {[%clk 1:25:14]} exd3 {[%clk 1:11:39]} 10. Nxd3 {[%clk 1:25:36]} Bf8
{[%clk 1:10:46]} 11. b3 {[%clk 1:24:38]} d6 {[%clk 1:04:24]} 12. Bb2
{[%clk 1:20:50]} Nxd5 {[%clk 1:02:45]} 13. cxd5 {[%clk 1:20:57]} Ne5
{[%clk 1:01:25]} 14. Nf4 {[%clk 1:17:58]} Bf5 {[%clk 0:58:39]} 15. Qd4
{[%clk 1:13:25]} a5 {[%clk 0:54:38]} 16. Rac1 {[%clk 1:12:13]} a4
{[%clk 0:52:07]} 17. b4 {[%clk 0:57:42]} a3 {[%clk 0:47:34]} 18. Ba1
{[%clk 0:58:00]} Bd7 {[%clk 0:45:28]} 19. Qc3 {[%clk 0:57:02]} Ra4
{[%clk 0:41:15]} 20. Rfd1 {[%clk 0:49:52]} Bb5 {[%clk 0:38:39]} 21. Rd4
{[%clk 0:36:24]} Re7 {[%clk 0:29:43]} 22. Be4 {[%clk 0:32:53]} g6
{[%clk 0:28:31]} 23. Bc2 {[%clk 0:30:10]} Ra8 {[%clk 0:28:45]} 24. Bb3
{[%clk 0:29:48]} Bg7 {[%clk 0:28:15]} 25. Rd2 {[%clk 0:25:11]} Qf8
{[%clk 0:24:28]} 26. Qc2 {[%clk 0:23:46]} Rae8 {[%clk 0:23:31]} 27. Qd1
{[%clk 0:21:40]} Ng4 {[%clk 0:21:04]} 28. Bxg7 {[%clk 0:20:19]} Qxg7
{[%clk 0:21:27]} 29. Bc4 {[%clk 0:20:04]} Bxc4 {[%clk 0:19:36]} 30. Rxc4
{[%clk 0:20:29]} Ne5 {[%clk 0:18:46]} 31. Rc1 {[%clk 0:20:36]} b5
{[%clk 0:17:33]} 32. Rdc2 {[%clk 0:19:29]} Nc4 {[%clk 0:17:41]} 33. Qd3
{[%clk 0:18:34]} Qf6 {[%clk 0:16:07]} 34. Qc3 {[%clk 0:06:11]} Qf5
{[%clk 0:15:20]} 35. Qd3 {[%clk 0:06:30]} Qf6 {[%clk 0:10:32]} 36. Qc3
{[%clk 0:05:42]} Qf5 {[%clk 0:07:01]} 37. Qd3 {[%clk 0:06:07]} 1/2-1/2

[Event "wgm"]
[Site "?"]
[Date "2015.09.22"]
[Round "7.3"]
[White "Gaponenko, Inna"]
[Black "Bulmaga, Irina"]
[Result "0-1"]
[BlackElo "2372"]
[WhiteElo "2402"]
[LiveChessVersion "1.4.4"]

1. e4 {[%clk 1:30:58]} c5 {[%clk 1:30:54]} 2. Nf3 {[%clk 1:31:23]} d6
{[%clk 1:31:16]} 3. d4 {[%clk 1:31:49]} cxd4 {[%clk 1:31:40]} 4. Nxd4
{[%clk 1:32:16]} Nf6 {[%clk 1:32:03]} 5. Nc3 {[%clk 1:32:42]} Bd7
{[%clk 1:32:25]} 6. Bg5 {[%clk 1:25:35]} e6 {[%clk 1:32:46]} 7. Qd2
{[%clk 1:23:02]} a6 {[%clk 1:33:06]} 8. Be2 {[%clk 1:21:00]} h6 {[%clk 1:33:00]}
9. Be3 {[%clk 1:20:55]} Be7 {[%clk 1:33:21]} 10. f4 {[%clk 1:15:10]} Nc6
{[%clk 1:29:32]} 11. a4 {[%clk 1:09:34]} Qc7 {[%clk 1:24:35]} 12. Nb3
{[%clk 0:55:51]} Na5 {[%clk 1:01:56]} 13. Nxa5 {[%clk 0:42:49]} Qxa5
{[%clk 1:02:24]} 14. O-O {[%clk 0:43:06]} Rc8 {[%clk 0:58:33]} 15. Kh1
{[%clk 0:32:16]} e5 {[%clk 0:41:55]} 16. Rfd1 {[%clk 0:09:55]} Qc7
{[%clk 0:36:17]} 17. a5 {[%clk 0:09:41]} Bc6 {[%clk 0:32:55]} 18. Bf3
{[%clk 0:05:22]} O-O {[%clk 0:32:57]} 19. g4 {[%clk 0:03:01]} exf4
{[%clk 0:32:15]} 20. Bxf4 {[%clk 0:03:28]} Rfe8 {[%clk 0:31:38]} 21. g5
{[%clk 0:00:46]} hxg5 {[%clk 0:31:45]} 22. Bxg5 {[%clk 0:01:15]} Nxe4
{[%clk 0:24:51]} 23. Nxe4 {[%clk 0:01:41]} Bxe4 {[%clk 0:25:15]} 24. Bxe4
{[%clk 0:02:08]} Bxg5 {[%clk 0:25:38]} 25. Qd5 {[%clk 0:01:04]} Qc4
{[%clk 0:20:46]} 26. Re1 {[%clk 0:00:38]} Qxd5 {[%clk 0:13:16]} 27. Bxd5
{[%clk 0:01:07]} Rxe1+ {[%clk 0:08:27]} 28. Rxe1 {[%clk 0:01:36]} Kf8
{[%clk 0:08:30]} 29. Bxb7 {[%clk 0:00:47]} Rxc2 {[%clk 0:08:51]} 30. Bxa6
{[%clk 0:00:46]} Bd2 {[%clk 0:06:11]} 31. Ra1 {[%clk 0:00:41]} Rc5
{[%clk 0:04:56]} 32. Bf1 {[%clk 0:00:32]} Bxa5 {[%clk 0:04:59]} 33. Rd1
{[%clk 0:00:36]} Ke7 {[%clk 0:04:56]} 34. Bg2 {[%clk 0:01:00]} Ke6
{[%clk 0:04:55]} 35. h3 {[%clk 0:00:38]} f5 {[%clk 0:05:07]} 36. Rd4
{[%clk 0:00:35]} Rc1+ {[%clk 0:05:03]} 37. Kh2 {[%clk 0:01:01]} Bb6
{[%clk 0:05:07]} 38. Rb4 {[%clk 0:00:41]} Bc5 {[%clk 0:05:25]} 39. Rb7
{[%clk 0:00:50]} d5 {[%clk 0:02:02]} 40. Kg3 {[%clk 0:31:08]} d4 {[%clk 0:31:29]}
41. b4 {[%clk 0:26:36]} Bd6+ {[%clk 0:28:01]} 42. Kf2 {[%clk 0:23:46]} Rc2+
{[%clk 0:26:39]} 43. Kf1 {[%clk 0:23:28]} d3 {[%clk 0:26:14]} 44. Bf3
{[%clk 0:19:47]} Rc1+ {[%clk 0:26:14]} 0-1

[Event "wgm"]
[Site "?"]
[Date "2015.09.22"]
[Round "7.4"]
[White "Socko, Monika"]
[Black "Foisor, Cristina-adela"]
[Result "1-0"]
[BlackElo "2361"]
[WhiteElo "2456"]
[LiveChessVersion "1.4.4"]

1. e4 {[%clk 1:30:50]} e5 {[%clk 1:30:51]} 2. Nf3 {[%clk 1:31:15]} Nc6
{[%clk 1:31:16]} 3. Bb5 {[%clk 1:31:41]} Nge7 {[%clk 1:31:41]} 4. Nc3
{[%clk 1:30:04]} g6 {[%clk 1:30:57]} 5. d4 {[%clk 1:29:30]} exd4 {[%clk 1:30:55]}
6. Nd5 {[%clk 1:29:05]} Bg7 {[%clk 1:31:19]} 7. Bg5 {[%clk 1:27:25]} h6
{[%clk 1:31:40]} 8. Bf6 {[%clk 1:27:38]} Kf8 {[%clk 1:28:44]} 9. Bxg7+
{[%clk 1:26:25]} Kxg7 {[%clk 1:29:08]} 10. Bxc6 {[%clk 1:26:37]} Nxc6
{[%clk 1:28:46]} 11. Nxd4 {[%clk 1:26:54]} Nxd4 {[%clk 1:16:00]} 12. Qxd4+
{[%clk 1:27:16]} f6 {[%clk 1:16:27]} 13. O-O-O {[%clk 1:23:59]} d6
{[%clk 1:12:50]} 14. Rd3 {[%clk 1:17:54]} Rf8 {[%clk 1:07:36]} 15. h4
{[%clk 1:14:56]} Be6 {[%clk 0:58:57]} 16. h5 {[%clk 0:52:30]} g5 {[%clk 0:55:02]}
17. f4 {[%clk 0:48:26]} Bxd5 {[%clk 0:41:02]} 18. exd5 {[%clk 0:47:38]} Qe8
{[%clk 0:34:51]} 19. Re3 {[%clk 0:43:52]} Qf7 {[%clk 0:35:06]} 20. fxg5
{[%clk 0:39:05]} hxg5 {[%clk 0:35:30]} 21. Re6 {[%clk 0:34:04]} Rae8
{[%clk 0:34:29]} 22. h6+ {[%clk 0:33:45]} Kh7 {[%clk 0:34:26]} 23. Rhe1
{[%clk 0:31:56]} Rxe6 {[%clk 0:32:32]} 24. dxe6 {[%clk 0:31:55]} Qe7
{[%clk 0:32:31]} 25. Qe4+ {[%clk 0:31:19]} f5 {[%clk 0:32:39]} 26. Qxb7
{[%clk 0:31:45]} Kxh6 {[%clk 0:31:37]} 27. Qxa7 {[%clk 0:31:47]} Kg6
{[%clk 0:31:50]} 28. Qd4 {[%clk 0:30:22]} g4 {[%clk 0:25:11]} 29. a4
{[%clk 0:29:34]} Ra8 {[%clk 0:24:14]} 30. g3 {[%clk 0:25:08]} c5 {[%clk 0:19:01]}
31. Qc4 {[%clk 0:22:10]} Rb8 {[%clk 0:15:11]} 32. Qc3 {[%clk 0:19:33]} d5
{[%clk 0:10:56]} 33. a5 {[%clk 0:18:52]} d4 {[%clk 0:08:44]} 34. Qd3
{[%clk 0:15:03]} Qb7 {[%clk 0:07:10]} 35. b3 {[%clk 0:15:04]} Qf3
{[%clk 0:05:28]} 36. Kd2 {[%clk 0:08:41]} Re8 {[%clk 0:04:22]} 37. e7
{[%clk 0:07:15]} Qxd3+ {[%clk 0:02:50]} 38. Kxd3 {[%clk 0:07:36]} f4
{[%clk 0:03:16]} 39. gxf4 {[%clk 0:07:41]} g3 {[%clk 0:03:42]} 40. Rg1
{[%clk 0:34:19]} Kf7 {[%clk 0:32:28]} 41. Rxg3 {[%clk 0:34:09]} Ra8
{[%clk 0:32:53]} 42. Rg5 {[%clk 0:34:22]} Rxa5 {[%clk 0:33:18]} 43. Re5
{[%clk 0:34:41]} Ke8 {[%clk 0:33:31]} 44. f5 {[%clk 0:34:19]} Ra1
{[%clk 0:31:07]} 45. Rxc5 {[%clk 0:34:36]} Kxe7 {[%clk 0:31:00]} 46. Kxd4
{[%clk 0:34:58]} Kd6 {[%clk 0:31:25]} 47. Rd5+ {[%clk 0:35:17]} Kc6
{[%clk 0:31:50]} 48. c4 {[%clk 0:35:21]} Rb1 {[%clk 0:31:55]} 49. Rb5
{[%clk 0:35:47]} Re1 {[%clk 0:32:01]} 50. f6 {[%clk 0:35:58]} Kd7
{[%clk 0:30:08]} 51. f7 {[%clk 0:35:57]} Rf1 {[%clk 0:30:15]} 52. Rb8
{[%clk 0:36:12]} 1-0

[Event "wgm"]
[Site "?"]
[Date "2015.09.22"]
[Round "7.5"]
[White "Girya, Olga"]
[Black "Kashlinskaya, Alina"]
[Result "1/2-1/2"]
[BlackElo "2424"]
[WhiteElo "2483"]
[LiveChessVersion "1.4.4"]

1. d4 {[%clk 1:30:59]} Nf6 {[%clk 1:30:53]} 2. c4 {[%clk 1:31:25]} e6
{[%clk 1:31:17]} 3. Nf3 {[%clk 1:31:43]} b6 {[%clk 1:31:41]} 4. g3
{[%clk 1:31:45]} Bb4+ {[%clk 1:32:02]} 5. Bd2 {[%clk 1:32:05]} Bxd2+
{[%clk 1:32:24]} 6. Qxd2 {[%clk 1:32:19]} Ba6 {[%clk 1:32:47]} 7. b3
{[%clk 1:32:29]} d5 {[%clk 1:33:11]} 8. cxd5 {[%clk 1:30:59]} Ne4
{[%clk 1:33:36]} 9. Qc2 {[%clk 1:30:57]} exd5 {[%clk 1:33:59]} 10. Nc3
{[%clk 1:27:11]} Nxc3 {[%clk 1:34:00]} 11. Qxc3 {[%clk 1:27:39]} O-O
{[%clk 1:31:08]} 12. Rc1 {[%clk 1:25:25]} Nd7 {[%clk 1:29:23]} 13. e3
{[%clk 1:13:47]} Bxf1 {[%clk 1:28:52]} 14. Kxf1 {[%clk 1:14:12]} Rc8
{[%clk 1:23:14]} 15. Qc6 {[%clk 1:08:13]} Nb8 {[%clk 1:21:48]} 16. Qa4
{[%clk 1:03:58]} a5 {[%clk 1:11:26]} 17. Kg2 {[%clk 1:03:15]} c6 {[%clk 1:07:38]}
18. Ne5 {[%clk 0:59:40]} Qd6 {[%clk 1:02:17]} 19. Rc2 {[%clk 0:56:04]} f6
{[%clk 0:57:28]} 20. Nd3 {[%clk 0:55:53]} Qe7 {[%clk 0:56:03]} 21. Rd1
{[%clk 0:54:39]} h5 {[%clk 0:50:28]} 22. b4 {[%clk 0:49:35]} b5 {[%clk 0:38:04]}
23. Qxa5 {[%clk 0:49:52]} Qe4+ {[%clk 0:38:09]} 24. Kg1 {[%clk 0:49:54]} h4
{[%clk 0:38:15]} 25. a4 {[%clk 0:39:03]} hxg3 {[%clk 0:35:48]} 26. hxg3
{[%clk 0:38:36]} g5 {[%clk 0:35:52]} 27. axb5 {[%clk 0:33:44]} Kg7
{[%clk 0:34:54]} 28. Kf1 {[%clk 0:32:41]} cxb5 {[%clk 0:30:12]} 29. Rxc8
{[%clk 0:26:31]} Rxc8 {[%clk 0:30:27]} 30. Qxb5 {[%clk 0:24:21]} Qh1+
{[%clk 0:29:29]} 31. Ke2 {[%clk 0:24:48]} Rc2+ {[%clk 0:29:48]} 32. Rd2
{[%clk 0:25:15]} Qh5+ {[%clk 0:30:02]} 33. Ke1 {[%clk 0:24:35]} Qh1+
{[%clk 0:30:18]} 34. Ke2 {[%clk 0:25:01]} Qh5+ {[%clk 0:30:42]} 35. Ke1
{[%clk 0:24:11]} Qh1+ {[%clk 0:31:06]} 36. Ke2 {[%clk 0:24:38]} Qh5+ 1/2-1/2

[Event "wgm"]
[Site "?"]
[Date "2015.09.24"]
[Round "8.1"]
[White "Majdan-gajewska, Joanna"]
[Black "Gaponenko, Inna"]
[Result "1-0"]
[BlackElo "2402"]
[WhiteElo "2391"]
[LiveChessVersion "1.4.4"]

1. e4 {[%clk 1:31:00]} Nf6 {[%clk 1:30:57]} 2. e5 {[%clk 1:31:25]} Nd5
{[%clk 1:31:23]} 3. d4 {[%clk 1:31:49]} d6 {[%clk 1:31:50]} 4. Nf3
{[%clk 1:32:07]} Nc6 {[%clk 1:32:08]} 5. c4 {[%clk 1:32:32]} Nb6 {[%clk 1:32:34]}
6. e6 {[%clk 1:32:54]} fxe6 {[%clk 1:32:59]} 7. Be3 {[%clk 1:33:21]} g6
{[%clk 1:33:17]} 8. h4 {[%clk 1:33:46]} Bg7 {[%clk 1:33:41]} 9. h5
{[%clk 1:34:07]} e5 {[%clk 1:33:36]} 10. d5 {[%clk 1:34:33]} e4 {[%clk 1:32:38]}
11. Ng5 {[%clk 1:34:59]} Ne5 {[%clk 1:28:03]} 12. Nc3 {[%clk 1:35:19]} c5
{[%clk 1:17:13]} 13. hxg6 {[%clk 1:29:02]} hxg6 {[%clk 1:17:01]} 14. Rxh8+
{[%clk 1:29:28]} Bxh8 {[%clk 1:17:26]} 15. Ngxe4 {[%clk 1:29:54]} Bf5
{[%clk 1:01:37]} 16. Be2 {[%clk 1:30:06]} a6 {[%clk 0:52:36]} 17. Qb3
{[%clk 1:23:17]} Qc7 {[%clk 0:51:03]} 18. f3 {[%clk 1:18:41]} O-O-O
{[%clk 0:48:10]} 19. g4 {[%clk 1:18:07]} Bd7 {[%clk 0:46:23]} 20. O-O-O
{[%clk 1:09:43]} Bg7 {[%clk 0:35:58]} 21. Rh1 {[%clk 0:59:39]} Rh8
{[%clk 0:34:32]} 22. Rxh8+ {[%clk 1:00:05]} Bxh8 {[%clk 0:34:59]} 23. Bg5
{[%clk 1:00:31]} Kd8 {[%clk 0:34:26]} 24. a4 {[%clk 0:45:56]} Bg7
{[%clk 0:27:54]} 25. Bd2 {[%clk 0:44:37]} Ke8 {[%clk 0:26:11]} 26. Ng5
{[%clk 0:39:26]} Bh6 {[%clk 0:19:56]} 27. Qc2 {[%clk 0:35:18]} Bxg5
{[%clk 0:09:42]} 28. Bxg5 {[%clk 0:35:38]} Kd8 {[%clk 0:10:10]} 29. f4
{[%clk 0:32:47]} Nf7 {[%clk 0:02:59]} 30. Qxg6 {[%clk 0:31:18]} Be8
{[%clk 0:03:28]} 31. Qg8 {[%clk 0:30:21]} Nd7 {[%clk 0:01:30]} 32. Bh4
{[%clk 0:29:18]} Qa5 {[%clk 0:00:45]} 33. g5 {[%clk 0:29:02]} Qb4
{[%clk 0:01:14]} 34. g6 {[%clk 0:28:59]} Nh6 {[%clk 0:01:38]} 35. Qe6
{[%clk 0:28:59]} 1-0